| 000 | 01782cam a2200277 4500500 | ||
|---|---|---|---|
| 005 | 20260329020001.0 | ||
| 041 | _afre | ||
| 042 | _adc | ||
| 100 | 1 | 0 |
_aTochon-Danguy, Baptiste _eauthor |
| 245 | 0 | 0 | _aFigurer l’intelligible : imagination, mémoire et intellect chez Marsile Ficin et Giulio Camillo |
| 260 | _c2026. | ||
| 500 | _a74 | ||
| 520 | _aPour interroger le rapport de l’imagination et de la mémoire avec l’intellect dans la philosophie de la Renaissance, on se concentre sur quelques thèses de Marsile Ficin et Giulio Camillo. Trois figures en particulier, celles de l’artiste, de l’amant platonicien et du géomètre, sont autant d’occasions de réfléchir au rôle assumé par l’imagination et la mémoire au sein de l’esprit, conçu comme un artiste intérieur qui travaille sa matière spirituelle. | ||
| 520 | _aTo question the relationship between imagination, memory, and intellect in Renaissance philosophy, we focus on several claims defended by Marsilio Ficino and Giulio Camillo. Three figures in particular – the artist, the Platonic lover, and the geometer – provide opportunities to reflect on the role played by imagination and memory within the mind, conceived as an inner artist working on his own spiritual matter. | ||
| 690 | _aGiulio Camillo | ||
| 690 | _aimagination | ||
| 690 | _aintellect | ||
| 690 | _aMarsile Ficin | ||
| 690 | _amémoire | ||
| 690 | _aGiulio Camillo | ||
| 690 | _aimagination | ||
| 690 | _aMarsilio Ficino | ||
| 690 | _amemory | ||
| 786 | 0 | _nRevue philosophique de la France et de l'étranger | 151 | 1 | 2026-02-10 | p. 31-49 | 0035-3833 | |
| 856 | 4 | 1 | _uhttps://shs.cairn.info/revue-revue-philosophique-de-la-france-et-de-letranger-2026-1-page-31?lang=fr&redirect-ssocas=7080 |
| 999 |
_c1902812 _d1902812 |
||